К вопросу о течениях Берингова моря; Проблемы Севера; Вып. 3

Dettagli Bibliografici
Parent link:Проблемы Севера: сборник/ Академия наук СССР (АН СССР).— , 1958-1972
Вып. 3.— 1959.— С. 3-9
Autore principale: Добровольский А. Д.
Altri autori: Арсеньев В. С.
Lingua:russo
Pubblicazione: 1959
Serie:Океанология
Natura: MixedMaterials Capitolo di libro
KOHA link:https://koha.lib.tpu.ru/cgi-bin/koha/opac-detail.pl?biblionumber=221060

MARC

LEADER 00000naa2a2200000 4500
001 221060
005 20231031195559.0
035 |a (RuTPU)RU\TPU\book\241202 
090 |a 221060 
100 |a 20120906d1959 k y0rusy50 ca 
101 0 |a rus 
102 |a RU 
200 1 |a К вопросу о течениях Берингова моря  |f А. Д. Добровольский, В. С. Арсеньев 
225 1 |a Океанология 
320 |a Библиогр.: с. 8-9 
461 0 |0 (RuTPU)RU\TPU\book\119820  |t Проблемы Севера  |o сборник  |f Академия наук СССР (АН СССР)  |d 1958-1972 
463 0 |0 (RuTPU)RU\TPU\book\241156  |t Вып. 3  |v С. 3-9  |d 1959  |p 206 с. 
700 1 |a Добровольский  |b А. Д. 
701 1 |a Арсеньев  |b В. С. 
801 1 |a RU  |b 63413507  |c 20120906 
942 |c BK